If You Lived at the Time of the American Revolution / (Record no. 4986)

MARC details
000 -LEADER
fixed length control field 00977nam a22003017a 4500
001 - CONTROL NUMBER
control field 4986
003 - CONTROL NUMBER IDENTIFIER
control field FISKH
005 - DATE AND TIME OF LATEST TRANSACTION
control field 20250815161908.0
008 - FIXED-LENGTH DATA ELEMENTS--GENERAL INFORMATION
fixed length control field 241030b cb ||||| |||| 00| 0 eng d
020 ## - INTERNATIONAL STANDARD BOOK NUMBER
International Standard Book Number 9780590674447
040 ## - CATALOGING SOURCE
Original cataloging agency FISKH
Language of cataloging eng
Transcribing agency FISKH
Modifying agency FISKH
050 ## - LIBRARY OF CONGRESS CALL NUMBER
Classification number E208.M83
082 ## - DEWEY DECIMAL CLASSIFICATION NUMBER
Classification number 973.3
100 ## - MAIN ENTRY--PERSONAL NAME
Personal name Moore, Kay
245 ## - TITLE STATEMENT
Title If You Lived at the Time of the American Revolution /
Statement of responsibility, etc. by Kay Moore : illustrated by Daniel O'Leary
250 ## - EDITION STATEMENT
Edition statement This edition first printing, September 2006
260 ## - PUBLICATION, DISTRIBUTION, ETC.
Place of publication, distribution, etc. New York :
Name of publisher, distributor, etc. Scholastic ;
Date of publication, distribution, etc. 1997.
300 ## - PHYSICAL DESCRIPTION
Extent 80 pages :
Other physical details color illustrations ;
Dimensions 20 cm .
490 ## - SERIES STATEMENT
Series statement If you... (1780)
505 ## - FORMATTED CONTENTS NOTE
Formatted contents note U <br/>
520 ## - SUMMARY, ETC.
Summary, etc. Describes conditions for the civilians in the colonies during and immediately after the war.
521 8# - TARGET AUDIENCE NOTE
Target audience note 860 <br/>
Source Lexile <br/>
521 8# - TARGET AUDIENCE NOTE
Target audience note U <br/>
Source Raz-Plus <br/>
650 ## - SUBJECT ADDED ENTRY--TOPICAL TERM
Topical term or geographic name entry element American history
Form subdivision non-fiction
700 ## - ADDED ENTRY--PERSONAL NAME
Personal name Williams, Laurie
Relator term Book Designer
942 ## - ADDED ENTRY ELEMENTS (KOHA)
Source of classification or shelving scheme Dewey Decimal Classification
Koha item type Books
Suppress in OPAC No
Holdings
Withdrawn status Lost status Source of classification or shelving scheme Damaged status Not for loan Collection Home library Current library Shelving location Date acquired Total Checkouts Full call number Barcode Date last seen Copy number Price effective from Koha item type Date last checked out
    Dewey Decimal Classification     Non-Fiction Footprints International School Library Network Toul Tom Poung Campus Footprints International School Library Network Toul Kork Campus TTP Secondary Non-Fiction Bookshelves 08/15/2025 1 MOO 973.3 E208.M83 FISTK01554 11/10/2025 2 08/15/2025 Books 10/31/2025
    Dewey Decimal Classification     Non-Fiction Footprints International School Library Network Toul Tom Poung Campus Footprints International School Library Network Toul Tom Poung Campus TTP Secondary Non-Fiction Bookshelves 10/30/2024   MOO 973.3 E208.M83 FIS05544 10/30/2024 1 10/30/2024 Books  
    Dewey Decimal Classification     Non-Fiction Footprints International School Library Network Toul Tom Poung Campus Footprints International School Library Network Toul Tom Poung Campus TTP Secondary Non-Fiction Bookshelves 09/11/2025 1 MOO 973.3 E208.M83 FIS04819 12/19/2025 3 09/11/2025 Books 12/01/2025